000 00605nam a2200205 4500
999 _c460
_d460
003 OSt
005 20230206102834.0
008 140918b xxu||||| |||| 00| 0 eng d
020 _a0333748255
040 _c040a
082 _220
_a337.1 REV 1999
100 _aSchechter, Micheal G.
_916443
245 _aThe Revival of Civil Society:
_bglobal and comparative perspectives
260 _aLondon;
_bMacmillan press,
_c1999
300 _axv, 255p;
_bill :
_c10 cm.
440 _aInternational political economy series
_9970
504 _aincludes index
650 _acivil society
_91227
942 _2ddc
_cSLOAN